[Event "American Continental-ch 2018"]
[Site "Montevideo"]
[Date "2018.06.04"]
[Round "5"]
[White "Shankland, Samuel"]
[Black "Moradiabadi, Elshan"]
[Result "1-0"]
[WhiteElo "2717"]
[BlackElo "2549"]
[Annotator "TA"]
[PlyCount "121"]
[EventDate "2018.??.??"]
[EventType "swiss"]
[EventCountry "URU"]
[SourceTitle "playchess.com"]
[Source "ChessBase"]
[SourceQuality "1"]

{[%evp 18,121,52,28,72,70,76,79,83,34,38,34,27,29,21,23,41,0,0,0,32,27,18,18,22,-9,29,19,18,21,25,13,13,9,9,9,66,64,63,83,90,21,24,14,33,0,0,0,12,12,21,11,12,12,20,8,8,8,17,14,20,8,16,0,22,22,35,35,35,28,29,29,27,10,10,10,10,8,30,27,27,27,31,30,43,22,72,69,441,421,5837,5561,5469,5323,4986,4614,3937,3937,2071,1852,1870,1784,5891,5497,2592,2081]} 1. e4 e5 2. Nf3 Nc6 3. Bc4 Bc5 4. c3 Nf6 5. d3 a6 6. a4 d6 7. O-O h6 8. Re1 {C54: Giuoco Piano: 4 c3 Nf6, main lines with 5 d4 and 5 d3} Ba7 9. Nbd2 g5 10. b4 {LiveBook: 4 Games. White is slightly better.} Ne7 $146 ({Predecessor:} 10... Nh5 11. Nb3 g4 12. b5 gxf3 13. Qxf3 Qf6 14. Qxf6 Nxf6 15. bxc6 bxc6 {½-½ (30) Karjakin,S (2760)-Carlsen,M (2837) London 2017}) 11. Nf1 Be6 12. Bxe6 fxe6 13. Be3 (13. h3 {seems wilder.} Ng6 14. d4 Qd7 15. Qb3 Qf7 16. b5) 13... Bxe3 14. Nxe3 Ng6 15. d4 g4 16. Nd2 h5 $1 17. b5 axb5 18. Qb3 Qd7 {[%cal Rb5a4]} 19. axb5 O-O 20. Rxa8 Rxa8 21. Nec4 exd4 22. cxd4 d5 23. exd5 Qxd5 24. Qe3 {[#] Strongly threatening Ne5.} Nh4 {[%csl Gh4][%cal Rd5g2]} 25. Qg3 Nf5 26. Qxc7 {Black must now prevent Nb6.} Qxb5 ({Black should try} 26... Ne8 $11 27. Qe5 Nxd4) 27. Qf4 $14 ({Much weaker is} 27. Rxe6 Nd5 $11) 27... Nd5 $1 {[%cal Rd5f4]} 28. Qg5+ Ng7 29. g3 (29. h3 $16 gxh3 30. gxh3) 29... Nc3 $11 30. Qe3 Qb4 31. Rc1 Nd5 32. Qd3 Rc8 {[#] Hoping for ...b5.} 33. Rb1 Qc3 34. Qxc3 Nxc3 35. Rxb7 Nf5 36. Kg2 Nxd4 37. h3 {Black should prevent hxg4.} gxh3+ 38. Kxh3 Rf8 39. f4 Rf7 40. Rb2 Rg7 41. Nd6 Nf5 42. Nxf5 exf5 $14 {[%mdl 4096] Endgame KRN-KRN} 43. Rb3 Ne2 44. Re3 Nd4 45. Nc4 Rc7 46. Ne5 Rc1 47. Rd3 Ne6 48. Rd6 Nc5 49. Rc6 Nb3 50. Rg6+ Kh7 51. Kh4 Nd4 {...Nf3+! is the strong threat.} 52. Kg5 {aiming for Rd6.} h4 $2 {[%mdl 8192]} (52... Rc7 $1 $14) 53. Nd7 $18 {White is clearly winning.} Nf3+ ({Stronger than} 53... hxg3 54. Nf6+ Kh8 55. Rg8#) (53... Kh8 $142 54. Nf6 Ne6+ 55. Kxf5 Nd4+ 56. Ke4 Rc8 57. Kxd4 h3) 54. Kxf5 {White wants to mate with Nf6+.} Nd4+ 55. Kg5 {White threatens Nf6+ and mate.} Nf3+ 56. Kh5 {Threatening mate with Nf6+.} Kh8 57. Nf6 {[%csl Gf6][%cal Rg6g8]} Rc8 58. Kg4 Nd4 59. Kxh4 Rf8 60. g4 Ne6 61. f5 {Precision: White = 67%, Black = 57%.} 1-0

[Event "American Continental-ch 2018"]
[Site "Montevideo"]
[Date "2018.06.04"]
[Round "5"]
[White "Cori, Jorge"]
[Black "Martinez Alcantara, Jose Eduardo"]
[Result "1-0"]
[WhiteElo "2659"]
[BlackElo "2539"]
[Annotator "TA"]
[PlyCount "85"]
[EventDate "2018.??.??"]
[EventType "swiss"]
[EventCountry "URU"]
[SourceTitle "playchess.com"]
[Source "ChessBase"]
[SourceQuality "1"]

{[%evp 22,85,10,0,0,0,0,0,0,0,0,15,8,18,70,73,68,58,123,116,120,125,115,119,164,133,162,127,150,133,207,159,283,275,433,545,523,417,392,212,475,497,536,229,441,406,381,310,310,295,288,289,402,358,362,293,354,353,370,292,300,293,287,277,628,539]} 1. d4 Nf6 2. Nf3 e6 3. c4 Bb4+ 4. Nbd2 O-O 5. a3 Be7 6. e4 d5 7. e5 Nfd7 8. Bd3 {E11: Bogo-Indian} c5 9. h4 (9. O-O Nc6 10. Re1 a5 11. Qc2 h6 12. Nb3 dxc4 13. Bxc4 cxd4 14. Qe4 a4 15. Bxh6 axb3 16. Bxg7 Kxg7 17. Qg4+ Kh8 18. Qh5+ Kg7 19. Qg4+ Kh8 20. Qh5+ Kg7 21. Qg4+ {½-½ (21) Vitiugov,N (2740)-Tomashevsky,E (2714) Sochi 2018}) 9... g6 10. h5 cxd4 11. cxd5 exd5 12. Nb3 {LiveBook: 5 Games} Nc6 13. Bf4 g5 14. Bg3 f5 $146 {White must now prevent ...f4.} ({Predecessor:} 14... g4 15. e6 fxe6 16. Nfxd4 {0-1 (36) Javakhishvili,L (2478)-Socko,M (2470) Erfurt 2014}) 15. exf6 $1 Bxf6 16. O-O Nb6 17. Qc2 $36 {[%mdl 2048] White fights for an advantage.} Rf7 (17... Qd7 $11) 18. Rae1 $14 {Strongly threatening Bxh7+!} Bg4 19. Nc5 $1 Qc8 (19... Bxf3 $14 20. gxf3 Nc4) 20. Nh2 Bxh5 {[#]} 21. Bf5 $1 {[%cal Rf5c8]} Qf8 {[#] Black wants to play ...d3!} 22. Nxb7 $1 {[%mdl 512]} Nb4 (22... Rxb7 23. Qxc6) 23. axb4 Rxb7 24. Ng4 Bxg4 25. Bxg4 d3 (25... Kh8 $16) 26. Qxd3 $18 Kh8 (26... Qxb4 $16 27. Qf5 Qf8) 27. Re6 Bg7 (27... Rd8 $142 28. Rfe1 Rg7) 28. Rfe1 Qf7 29. b3 Rf8 30. Bd1 (30. R1e3 $142) 30... Rd7 $2 (30... Nd7 {was necessary.} 31. Re7 (31. Qxd5 Rb6 $18) 31... Nc5 32. Rxf7 Nxd3 33. Rxb7 Nxe1 34. Rxa7 Nd3) 31. Bc2 {[%csl Gc2][%cal Rd3h7]} Qh5 32. Re8 (32. Bd6 $142) 32... Rd8 $2 (32... Kg8) 33. R8e7 Rd7 34. Rxd7 Nxd7 35. Qxd5 Nf6 36. Qb7 Qh6 37. Bd6 Rd8 38. Qe7 Rd7 39. Qe6 g4 40. Bf5 Rd8 41. g3 Qd2 42. Bc5 Nd5 $2 (42... a6 43. Qe2 Qxe2 44. Rxe2 Bf8) 43. Bxg4 {Precision: White = 69%, Black = 33%.} 1-0

[Event "American Continental-ch 2018"]
[Site "Montevideo"]
[Date "2018.06.04"]
[Round "5"]
[White "Xiong, Jeffery"]
[Black "Alonso, Salvador"]
[Result "1-0"]
[WhiteElo "2656"]
[BlackElo "2519"]
[Annotator "TA"]
[PlyCount "65"]
[EventDate "2018.??.??"]
[EventType "swiss"]
[EventCountry "URU"]
[SourceTitle "playchess.com"]
[Source "ChessBase"]
[SourceQuality "1"]

{[%evp 22,65,41,38,55,55,56,11,53,43,45,48,69,57,42,17,53,51,69,6,20,8,143,123,170,172,193,186,186,191,217,210,281,260,386,383,347,400,664,366,29988,29980,29989,29974,2287,501]} 1. d4 d5 2. c4 c6 3. Nf3 Nf6 4. Qb3 dxc4 5. Qxc4 Bf5 6. g3 e6 7. Bg2 Nbd7 8. O-O Be7 9. e3 O-O {D23: Angenommenes Damengambit} 10. Qe2 Ne4 (10... Qa5 11. Nc3 Ne4 12. Bd2 Nxd2 13. Nxd2 Rfd8 14. Rfd1 Rac8 15. e4 Bg6 {½-½ (25) Bu,X (2725)-Shankland,S (2671) Liaocheng 2018}) 11. Rd1 Qc7 12. Nfd2 {LiveBook: 5 Partien} Ndf6 $146 ({Vorgänger:} 12... Nxd2 13. Bxd2 e5 14. e4 Be6 15. d5 cxd5 16. exd5 Bf5 17. Nc3 {1-0 (42) Lenderman,A (2611)-Andriasian,Z (2585) chess.com INT 2018}) 13. Nf1 Nd6 14. f3 {[%cal Bf2f3,Bf3e4,Be4e5][%mdl 32]} Bg6 (14... Bxb1 $5 15. Rxb1 Qa5 $11) 15. e4 Nd7 16. Nc3 Rae8 17. Bf4 f5 18. Ne3 fxe4 19. fxe4 Qd8 20. Rf1 (20. Rac1 $14) 20... Nf7 $11 {Schwarz will ...c5 spielen.} 21. Rad1 Qa5 (21... c5 $11) 22. e5 $1 $16 Nb6 23. h4 $1 {[%cal Rh4h5] Und weiter mit h5 wäre nett.} h6 24. Qg4 $36 {[%mdl 2048] Schwarz steht unter starkem Druck.} Bh7 25. Qxe6 Bxh4 26. Qg4 $1 Bd8 27. Be4 $1 Ng5 {[#]} (27... Nd5 {ist eine bessere Verteidigung.} 28. Bxh7+ (28. Bxd5 cxd5 29. Nexd5 Qa6 $16) 28... Kxh7) 28. Bxh7+ $1 $18 Kxh7 {[#]} 29. Nf5 $1 Nc4 (29... Nd5 $142 30. Ne4 (30. Nd6 Nxc3 31. bxc3 Qxc3 $16) 30... Ne6 31. Bxh6 gxh6) 30. Bxg5 hxg5 $2 (30... Bxg5 $18 31. Ne4 Qd8) 31. Qh5+ Kg8 32. Qg6 {[%csl Gf5][%cal Rg6g7]} Qc7 33. Nh6+ {Precision: Weiß = 62%, Schwarz = 38%.} (33. Ne4 $142 Ne3 34. Nxe3) 1-0

[Event "American Continental-ch 2018"]
[Site "Montevideo"]
[Date "2018.06.04"]
[Round "5"]
[White "Cordova, Emilio"]
[Black "Escalante Ramirez, Brian Sebasti"]
[Result "1-0"]
[WhiteElo "2621"]
[BlackElo "2422"]
[Annotator "TA"]
[PlyCount "95"]
[EventDate "2018.??.??"]
[EventType "swiss"]
[EventCountry "URU"]
[SourceTitle "playchess.com"]
[Source "ChessBase"]
[SourceQuality "1"]

{[%evp 19,95,41,21,16,12,0,-9,-11,0,0,-4,-33,77,45,47,47,79,73,81,82,79,78,79,79,79,65,67,68,64,64,62,70,83,30,50,52,61,12,26,25,25,25,22,24,21,14,72,75,71,69,127,124,124,124,127,8,128,128,189,187,202,217,235,235,333,333,332,332,325,330,306,300,459,444,537,532,840,820]} 1. Nf3 Nf6 2. c4 g6 3. Nc3 Bg7 4. g3 O-O 5. Bg2 d6 6. O-O e5 7. d4 Nc6 8. dxe5 dxe5 9. Bg5 Be6 10. Nd2 Qc8 {LiveBook: 4 Games. E62: King's Indian: Fianchetto: 6...c6 and Panno Variation (6...Nc6) without ...a6} 11. Bxf6 $146 ({Predecessor:} 11. Nd5 Nd7 12. b4 h6 13. Be3 Re8 14. Rc1 Nd4 15. Bxd4 exd4 16. Nb3 c5 17. bxc5 Nxc5 18. Nxd4 {1-0 (41) Banusz,T (2613)-Radjabov,T (2722) Monzon 2016}) 11... Bxf6 12. Nd5 Bg7 {The position is equal.} 13. Ne4 Qd8 14. Nc5 Bc8 $1 15. Qa4 Ne7 (15... Nd4 $15 {stays ahead.} 16. Nc3 c6) 16. Rfd1 $36 {[%mdl 2048] [#] Hoping for Nf6+! White is more active.} (16. Nxb7 $5 Bxb7 17. Nxe7+ Qxe7 18. Bxb7 $14) 16... Nxd5 17. cxd5 Qd6 18. Rac1 Rd8 19. Qc2 Qe7 20. Qc4 Kh8 21. Na6 Bf5 22. Nxc7 Rac8 23. d6 Rxd6 24. Rxd6 Qxd6 25. Bxb7 Rb8 26. Bd5 ({White should try} 26. Qxf7 $16 {Strongly threatening Ne8.} Qd2 27. Rf1) 26... Bh6 27. e3 Rxb2 28. Qh4 ({Don't go for} 28. Bxf7 $2 {[#]} Bxe3 $1 {[%mdl 512]} 29. Nd5 (29. fxe3 {leads to mate.} Qd2 30. Rc2 Qxe3+ 31. Kg2 Bxc2 32. h4 Bf5+ 33. Kh1 Qf3+ 34. Kg1 Qg2#) 29... Bxc1 $19) 28... g5 29. Qh5 Qg6 30. Bxf7 Qxh5 31. Bxh5 Rxa2 32. Rd1 {next g4 is good for White.} Bf8 (32... g4 $11 {keeps the balance.}) 33. g4 Rc2 34. Rd8 Rc1+ (34... Kg8 $1 $14) 35. Kg2 $16 Be4+ 36. f3 Rxc7 37. Rxf8+ {[%mdl 4096] Endgame KRB-KRB} Kg7 38. Re8 Rc2+ (38... Bd3 $16) 39. Kg3 $18 Bd3 40. Rxe5 Kf6 41. Rd5 Rd2 (41... Bg6 $142 42. Rd6+ Kf7 43. Bxg6+ hxg6 44. Rd7+ Kf6 45. Rxa7 Rc1 46. Ra6+ Kf7) 42. h4 gxh4+ 43. Kxh4 Rd1 44. Kg3 Be2 45. Rc5 Ra1 (45... Ke6 {is a better defense.} 46. g5 Kd6) 46. g5+ {White is clearly winning.} Ke6 47. Rc7 Kf5 48. Bg4+ {Precision: White = 74%, Black = 49%.} 1-0

[Event "American Continental-ch 2018"]
[Site "Montevideo"]
[Date "2018.06.04"]
[Round "5"]
[White "Delgado Ramirez, Neuris"]
[Black "Terry, Renato"]
[Result "1-0"]
[WhiteElo "2613"]
[BlackElo "2503"]
[Annotator "TA"]
[PlyCount "149"]
[EventDate "2018.??.??"]
[EventType "swiss"]
[EventCountry "URU"]
[SourceTitle "playchess.com"]
[Source "ChessBase"]
[SourceQuality "1"]

{[%evp 9,149,12,27,2,8,19,54,45,47,43,51,49,58,11,16,11,48,41,45,58,54,57,72,85,97,43,40,8,12,8,13,13,20,0,0,0,14,23,15,25,28,38,66,61,58,17,64,64,70,61,108,108,112,95,114,103,125,115,114,112,114,72,73,74,75,75,141,141,141,141,141,141,141,141,148,149,156,156,169,157,153,141,141,127,133,117,117,117,117,117,117,107,107,5,93,93,93,93,93,93,93,93,12845,12845,12290,93,93,93,93,93,93,93,93,93,93,0,93,93,93,93,93,93,93,0,93,93,93,93,93,93,12848,12848,29981,29982,29983,29984,29987,29985,29988,29989,29989,29990]} 1. e4 c6 2. d4 d5 3. e5 Bf5 4. h4 h6 5. g4 Bd7 6. Nc3 {B12: Caro-Kann: Advance Variation} (6. Be3 Qb6 7. Nd2 e6 8. Nb3 Na6 9. h5 c5 10. dxc5 Nxc5 11. Nf3 Qc7 12. c3 b6 13. Nbd4 a6 {½-½ (56) Nepomniachtchi,I (2767)-Dreev,A (2652) Doha 2016}) 6... e6 7. Be3 Qc7 8. h5 {White is slightly better.} c5 9. f4 cxd4 $146 ({Predecessor:} 9... c4 10. Bg2 Qb6 11. Nge2 Na6 12. O-O Nc7 13. f5 O-O-O {1-0 (37) Bogomolov,A (1678)-Celan,M (1547) LSS email 2014}) 10. Qxd4 a6 11. Nge2 Nc6 12. Qb6 Qxb6 13. Bxb6 f6 14. exf6 $1 Nxf6 15. Bh3 Be7 16. O-O-O $1 Bd8 17. Bxd8 (17. Bc5 $16) 17... Rxd8 $14 18. Nd4 O-O 19. Rhe1 Nxd4 20. Rxd4 Rde8 21. Kd2 Bc6 22. g5 Ne4+ 23. Nxe4 dxe4 24. gxh6 gxh6 25. Rd6 $36 {[%mdl 2048] White has good play.} Rxf4 26. Bxe6+ Kf8 27. Bb3 Rf2+ 28. Ke3 Rf3+ 29. Kd4 e3 {Threatening ...e2.} 30. Rxh6 Re4+ 31. Kd3 {And now Rxc6! would win.} Re5 32. Re6 Rxh5 33. R1xe3 Rxe3+ 34. Rxe3 $16 {[%mdl 4096] Endgame KRB-KRB} Rh4 35. c4 Kf7 36. Kc3 Kf6 37. Bc2 Rf4 (37... a5 $142) 38. b4 Rh4 39. a4 {[%cal Ba2a4,Ba4a5][%mdl 32]} Bh1 40. a5 Bc6 41. Bd3 Bh1 42. Bb1 Bc6 43. Bc2 Rf4 44. Bd1 Kf7 45. Bh5+ Kf6 46. Be8 {Hoping for Bxc6.} Be4 47. Bd7 Ke5 48. Bc8 Rf3 49. Rxf3 Bxf3 {KB-KB} 50. c5 Bc6 51. b5 ({White should play} 51. Bg4 $16) 51... Bxb5 (51... axb5 $11 52. Kb4 Kd4) 52. Bxb7 Bf1 53. Bf3 Bb5 54. Kb4 Bd3 55. Bd1 Bf5 $2 {[%mdl 8192]} (55... Bf1 $16 56. Bb3 Kd4) 56. Be2 $18 Bc8 57. Bf3 $2 (57. Bc4 $18 Bb7 58. c6 $1 {[%mdl 512]} Bxc6 59. Kc5 (59. Bxa6 Kd6 $11)) 57... Bh3 $16 58. Bb7 Bf1 59. Bc8 Be2 60. Bd7 Bf1 61. Ba4 Bh3 62. Bd1 (62. Bc2 $16 Kd5 63. Bd3) 62... Bc8 (62... Bf5 $1 $11) 63. Be2 {aiming for Bc4.} Kd5 64. Bf3+ Ke5 {[#]} 65. Kc3 $1 {[%cal Rc3b4] Strongly threatening Kb4.} Bh3 66. Be2 (66. Ba8 $16) 66... Bc8 (66... Kd5 $11 {remains equal.}) 67. Bf1 Kd5 68. Kb4 {Bg2+ is the strong threat.} Ke5 69. Bc4 Bb7 $2 {[%mdl 8192] [#]} (69... Ke4 $16 70. c6 Ke5) 70. c6 $1 $18 {[%cal Rc6b7][%mdl 512]} Bxc6 71. Kc5 {White mates.} ({And not} 71. Bxa6 Kd6 $11) 71... Bf3 72. Bxa6 Ke6 73. Bb5 Ke7 74. a6 Kd8 75. Bc6 {Precision: White = 60%, Black = 48%.} 1-0

[Event "American Continental-ch 2018"]
[Site "Montevideo"]
[Date "2018.06.04"]
[Round "5"]
[White "Liang, Awonder"]
[Black "Slipak, Sergio"]
[Result "1/2-1/2"]
[WhiteElo "2571"]
[BlackElo "2420"]
[Annotator "TA"]
[PlyCount "94"]
[EventDate "2018.??.??"]
[EventType "swiss"]
[EventCountry "URU"]
[SourceTitle "playchess.com"]
[Source "ChessBase"]
[SourceQuality "1"]

{[%evp 22,94,24,22,18,29,27,27,31,25,28,0,0,0,-17,-11,-18,-18,-26,-24,-23,-18,0,-16,0,-116,-16,-9,-19,-22,0,0,0,0,24,27,26,23,43,40,62,70,105,105,94,71,74,50,64,0,88,70,70,70,116,10,15,8,14,9,9,5,15,14,18,-48,-48,-50,-50,-59,-56,-56,-55,-82,-67]} 1. c4 e6 2. g3 d5 3. Nf3 Nf6 4. Bg2 Be7 5. O-O O-O 6. b3 c5 7. cxd5 exd5 8. d4 Nc6 9. Bb2 cxd4 10. Nxd4 Qb6 11. Nxc6 bxc6 12. Nc3 {LiveBook: 4 Games} Bf5 {D34: Tarrasch Defence: 6 g3 Nf6 7 Bg2 Be7} (12... Be6 13. Na4 Qb5 14. Rc1 Rac8 15. Bd4 c5 16. Nc3 Qa5 17. Bxf6 Bxf6 18. Nxd5 Qxa2 19. Nxf6+ gxf6 20. Bd5 Bxd5 21. Qxd5 Qxe2 {0-1 (33) Aronian,L (2792)-Kramnik,V (2801) Zuerich 2016}) 13. e3 Rac8 14. Rc1 Rfd8 {White has an edge.} 15. Na4 $146 ({Predecessor:} 15. Qe2 Qa5 16. Rfd1 Ba3 17. h3 h6 18. Bxa3 Qxa3 19. Bf1 c5 20. Kh2 {½-½ (55) Stehlik,J (2115)-Petr,J (2250) Czechia 1996}) 15... Qb5 16. Qd4 c5 17. Qe5 Be6 18. Rfd1 Bd6 19. Qg5 h6 20. Qh4 $1 Be7 21. Nc3 Qb6 22. Na4 Qb5 23. Be5 (23. Nc3 $11 {keeps the balance.} Qb6 24. Ba3) 23... Qe8 (23... d4 $17 24. exd4 cxd4 25. Rxc8 Rxc8 26. Qxd4 Rd8 27. Qxd8+ Bxd8 28. Rxd8+ Kh7 29. Bxf6 Qf5) 24. Bxf6 $1 $11 Bxf6 25. Qh5 c4 26. Bxd5 Qb5 27. e4 {[%cal Be3e4,Be4e5][%mdl 32]} cxb3 28. Rxc8 Rxc8 29. axb3 Rb8 30. e5 Be7 31. Nc3 Qa5 32. Bxe6 fxe6 33. Ne4 Qb5 34. Rc1 Rf8 35. Rc7 ({White should try} 35. Rc3 $14) 35... Qxb3 (35... Qa5 $1 $11 36. Rc1 Kh7) 36. Qg4 Rf7 37. Rxa7 Qb8 38. Ra5 (38. Ra6 $16) 38... Rf5 $1 39. Kg2 {Hoping for f4.} Rxe5 40. Ra6 {Threatening Qg6.} Qc8 41. Ra7 Qf8 42. Qe2 $36 {[%mdl 2048] White has some pressure.} Bc5 43. Ra2 {[#]} ({Better is} 43. Ra4 $11) 43... Bxf2 $1 $15 {[%mdl 512]} 44. Qc4 (44. Qxf2 Rxe4) 44... Bb6 45. Qc6 Qf5 46. Re2 Bd4 47. Qc2 Kh7 {Precision: White = 65%, Black = 63%.} 1/2-1/2

[Event "American Continental-ch 2018"]
[Site "Montevideo"]
[Date "2018.06.04"]
[Round "5"]
[White "Erenburg, Sergey"]
[Black "Bick, Gabriel"]
[Result "1-0"]
[WhiteElo "2563"]
[BlackElo "2391"]
[Annotator "TA"]
[PlyCount "127"]
[EventDate "2018.??.??"]
[EventType "swiss"]
[EventCountry "URU"]
[SourceTitle "playchess.com"]
[Source "ChessBase"]
[SourceQuality "1"]

{[%evp 17,127,29,43,5,18,11,11,12,17,0,0,0,22,33,18,18,8,11,12,26,47,42,67,14,38,29,31,31,26,34,37,4,5,7,45,41,68,39,23,39,45,26,47,21,644,642,609,602,537,463,353,170,425,81,514,504,504,504,859,236,294,192,345,205,236,236,236,236,226,226,251,236,295,192,218,192,192,192,213,213,213,218,403,226,235,208,207,0,234,210,258,218,236,242,216,212,218,213,244,243,355,336,351,236,236,236,535,497,820,605,570,481]} 1. e4 e5 2. Nf3 Nc6 3. Bb5 a6 4. Ba4 Nf6 5. O-O b5 6. Bb3 Bc5 7. a4 Rb8 8. c3 d6 9. d4 Bb6 10. a5 {C78: Ruy Lopez: Archangelsk and Möller Defences} Ba7 $1 11. h3 (11. Be3 exd4 12. cxd4 Bg4 13. Qc1 Qd7 14. Nbd2 O-O 15. e5 dxe5 16. Nxe5 Nxe5 17. dxe5 Bxe3 18. fxe3 Rbd8 19. exf6 Qxd2 20. fxg7 Kxg7 21. Qc5 Rd6 22. Qe5+ Kg6 23. Rf2 f6 24. Qf4 {1-0 (24) Yu,Y (2760)-Shankland,S (2671) Liaocheng 2018}) 11... O-O 12. Be3 {The position is equal.} Ra8 13. Re1 h6 14. Nbd2 Re8 15. Qc2 exd4 16. Bxd4 Bd7 17. Bxa7 $146 ({Predecessor:} 17. Ba2 Ne5 18. Bxa7 Rxa7 19. Nxe5 dxe5 {½-½ (26) Zemlyanov,S (2355)-Volodarsky,Y (2323) ICCF email 2015}) 17... Rxa7 18. Nf1 Be6 19. Bxe6 Rxe6 20. N1d2 (20. Ng3 $14) 20... Qd7 21. Re3 Ne5 22. Nxe5 Rxe5 23. Nf3 Re7 24. Rd1 Qe8 {[%cal Re7e4]} 25. Rde1 Ra8 26. b4 Rc8 27. e5 Nd5 28. Re4 $36 {[%mdl 2048] White fights for an advantage.} Qc6 29. c4 Rce8 30. exd6 (30. Qc1 {is interesting.} bxc4 31. Rxc4 Qb7 32. exd6 Rxe1+ 33. Nxe1 cxd6 34. Nc2) 30... Nxb4 $2 {[%mdl 8192] [#]} (30... cxd6 $11 31. Rxe7 Nxe7) 31. Rxe7 $18 Nxc2 32. Rxe8+ Kh7 33. cxb5 Qxd6 34. Rc1 (34. R1e7 $142) 34... Nb4 $2 {[#]} (34... Qd7 {keeps fighting.}) 35. bxa6 $2 (35. Ne5 $18 {is more deadly.} Qd2 36. Rxc7 Qe1+ 37. Kh2) 35... Qxa6 $2 {[%mdl 8192]} (35... Nxa6 $16 {is a better chance.} 36. Ree1 c5) 36. Rxc7 Qxa5 37. Rxf7 Nd5 (37... Nc6 $142 38. Rff8 Qa2) 38. Re5 $2 (38. Ne5 h5 39. Rff8) 38... Qb5 39. Kh2 Qc4 $2 (39... Kg8 40. Rfe7 Kh7) 40. Rd7 (40. Re8 $142 Nf6 41. Ree7 Qf4+ 42. Kh1 Qc1+ 43. Ng1) 40... Qf4+ 41. Kg1 Qc1+ 42. Re1 Qc6 43. Rf7 Qg6 44. Rf8 Qd6 45. Rc8 Nb6 46. Rce8 Nd5 47. g3 Qf6 48. Ne5 {Threatens to win with Rc1.} Qf5 49. Ng4 Nc3 $2 (49... h5 {might work better.}) 50. R8e3 (50. R1e5 $142 Qg6 51. R8e7) 50... Nb5 51. Re5 Qd3 52. R5e3 Qf5 $1 53. Re4 Nc3 54. Re5 Qf3 55. R5e3 Qc6 56. Ne5 Qc7 57. Rd3 Nb5 58. Rd7 Qc3 (58... Qc8 $142 59. Re3 Nc3) 59. Re3 Qa1+ 60. Kg2 Nd4 61. Nf3 Nc6 $2 (61... Nxf3 {was worth a try.} 62. Rxf3 Qa8) 62. Re4 {White is clearly winning.} Nb8 (62... Qb2 $142 63. Re6 Qb5) 63. Rb7 Nc6 64. Rg4 {Precision: White = 49%, Black = 30%.} 1-0

[Event "American Continental-ch 2018"]
[Site "Montevideo"]
[Date "2018.06.04"]
[Round "5"]
[White "Di Berardino, Diego Rafael"]
[Black "Flores, Diego"]
[Result "0-1"]
[WhiteElo "2525"]
[BlackElo "2614"]
[Annotator "TA"]
[PlyCount "92"]
[EventDate "2018.??.??"]
[EventType "swiss"]
[EventCountry "URU"]
[SourceTitle "playchess.com"]
[Source "ChessBase"]
[SourceQuality "1"]

{[%evp 15,92,39,53,37,33,41,41,37,38,-22,-12,-22,-22,-12,-17,-18,-19,-14,-18,-8,-26,-10,-14,-14,-9,-18,-19,-6,0,0,0,0,0,-36,-13,-47,-21,-138,-112,-137,-138,-125,-119,-152,-157,-160,-172,-141,-180,-211,-206,-205,-193,-171,-183,-297,-214,-458,-282,-363,-347,-475,-286,-330,-268,-266,-266,-262,-258,-327,-316,-306,-295,-283,-214,-216,-216,-216,-209]} 1. d4 d5 2. c4 e6 3. Nf3 c6 4. e3 f5 5. Bd3 Bd6 6. O-O Nh6 {A84: Dutch Defence: 2 c4 Miscellaneous} (6... Nf6 7. b3 Qe7 8. Bb2 b6 9. Nc3 O-O 10. Ne2 Bb7 11. Nf4 Nbd7 12. Be2 c5 13. Ng5 Bxf4 14. exf4 cxd4 15. Qxd4 h6 16. Nf3 dxc4 17. bxc4 {½-½ (33) Sadzikowski,D (2588)-Krasenkow,M (2628) Warsaw 2018}) 7. b3 Qe7 8. Bb2 Nd7 {LiveBook: 4 Games. White is slightly better.} 9. Nc3 O-O 10. Ne2 b6 $146 ({Predecessor:} 10... Nf7 11. cxd5 cxd5 12. Rc1 b6 13. Bb5 Bb7 14. Nf4 {0-1 (42) Besso,G (2017)-Anino,S (2132) Vicente Lopez 2016}) 11. Rc1 Bb7 12. Ne5 (12. Nf4 $14) 12... Bxe5 $11 13. dxe5 Ng4 14. cxd5 exd5 15. Ng3 g6 $1 16. e4 {aiming for exd5.} Qh4 {[%csl Gg4][%cal Rh4h2]} 17. h3 fxe4 18. Nxe4 Ndxe5 19. Be2 Ne3 $1 {[%cal Re3d1]} ({Much weaker is} 19... dxe4 $6 20. hxg4 Rae8 21. Qd4 $14) 20. fxe3 Qxe4 21. Qd2 {Rf4 is the strong threat.} c5 {White must now prevent ...d4!} 22. Rf4 Rxf4 $40 {[%mdl 128] Black attacks.} 23. exf4 d4 {[%csl Gb7][%cal Re4g2]} 24. Bb5 Nf7 {next ...Nd6 is good for Black.} 25. Re1 Qf5 26. Re7 {[#]} (26. Bc4 $11 Kf8 27. Bd3 (27. Qe2 Qf6 $17)) 26... Bd5 $1 $17 27. Bd3 {[#]} Qf6 $1 {[%cal Rf6e7]} 28. Qe1 Kf8 29. Re2 a5 30. Bc1 a4 31. bxa4 Rxa4 32. Re8+ Kg7 33. a3 Ra8 34. Rxa8 Bxa8 35. Qe8 (35. a4 $142) 35... Bc6 36. Qb8 $2 (36. Qe2) 36... Bd5 37. Qc7 Qd6 38. Qc8 Qc6 39. Qg4 Qe6 40. Qd1 Be4 41. Bf1 Qa2 42. Qe1 Qc2 43. f5 Bxf5 44. Bf4 Qe4 45. Qxe4 Bxe4 46. Bc7 d3 {Precision: White = 50%, Black = 75%.} 0-1